| 000 | 00550nam a2200145Ia 4500 | ||
|---|---|---|---|
| 008 | 170221s9999 xx 000 0 und d | ||
| 100 | _aJohn Leaptrott | ||
| 245 | _aPerceived environmental change as a determinant of managerial information seeking behavior, | ||
| 245 | _cJohn Leaptrott, Georgia Southern University; J. Michael McDonald, Georgia Southern University. | ||
| 260 | _bJournal of Management and Marketing Research | ||
| 260 | _c2014 | ||
| 300 | _a12 : 1 | ||
| 650 | _xBusiness | ||
| 856 | _uhttp://www.aabri.com/manuscripts/142125.pdf | ||
| 999 |
_c311567 _d311567 |
||